000 00467nam a2200145Ia 4500
008 100204s9999 xx 000 0 und d
082 _b18451
100 _aबोराडे रा. रं.
245 _aकणस आणि कडबा
260 _b"साकेत प्रकाशन , औरंगाबाद"
_c1994
300 _a148
630 _aकणस आणि कडबा
730 _aकणस आणि कडबा
942 _cBOOK
999 _c462874
_d462871